Регионална библиотека "Любен Каравелов" - Русе

Съществените начала на политическата икономия (Запис номер 405067)

MARC детайли
000 -Лидер
Контролно поле с фиксирана дължина nam a22 a 4500
003 - Код на организацията, давaща контролен номер
Контролно поле BLK
005 - Дата и час на последна редакция
Контролно поле 20211030112252.0
008 - Елементи от данни с фиксирана дължина
fixed length control field 180409b bul|||||r ||||||| ||bul||
040 ## - Източник на каталожния запис
Идентификатор на билиотеката - собственик на записа BLK
041 ## - Код за език
Код за езика на текст/звукозапис или на отделно заглавие Български
Код за езика КДБФ Български
080 ## - УДК
Текстов определител УДК Икономически науки в цялост. Политическа икономия. Вж и 338 ; 65
УДК код - определител по УДК 330
УДК - код + определител 330
139 ## - Редно поле
Редна дума Съществените начала на политическата икономия
245 10 - Сведения за заглавието
Заглавие Съществените начала на политическата икономия
Редно поле (дума) състав. и прев. от фр. С. Дженгозов; състав. и прев. от фр. Ив. Статев
257 ## - Страна на издаване
Страна на създаване/издаване Франция
260 ## - Област на издателските данни
Име на издателя, разпространителя и проч. Т. Милков
Година на издаване 1898
9 (RLIN) 435237
Място на издаване, разпространение и проч. Пловдив
Печатница Пловдив : Съгласие
300 ## - Физическа характеристика
Страници 60 с.
Размери/Мащаб 20 см
380 ## - Жанр
Жанр Обществени науки
490 ## - СЕРИИ (Колекции)
9 (RLIN) 435080
Име на серия Колекция Редки и ценни издания
650 #0 - Допълнително описание по предмет – тема
Основно описание – тема или топоним Политическа икономия - теория
9 (RLIN) 320400
653 ## - Ключова дума – ненормативна
Ключова дума политическа икономия
700 ## - Други автори (авторска отговорност)
Лично име Дженгозов, С.
Автороска отговорност (Описва отношението между автора и произведението) състав. и прев. от фр.
9 (RLIN) 1521
700 ## - Други автори (авторска отговорност)
Лично име Статев, Иван
Автороска отговорност (Описва отношението между автора и произведението) състав. и прев. от фр.
9 (RLIN) 402081
852 ## - Местоположение
Форматна сигнатура Рб 898
999 ## - СИСТЕМНИ КОНТРОЛНИ НОМЕРА
Koha biblionumber 405067
Koha biblioitemnumber 405067
942 ## - АРТИКУЛИ
Вид на библиотечния материал Книги
Скрит в OPAC Не
Периодичен библиозапис Да
944 ## - СЪЗДАВАНЕ И РЕДАКЦИЯ на ЗАПИСА
Създаване/Редакция Създаване
Дата на регистрацията/редакция 2021-04-02
Статус, дата на статуса 2021-04-02
Служител, извършил регистрацията/редакцията СТ
999 ## - СИСТЕМНИ КОНТРОЛНИ НОМЕРА
Koha biblioitemnumber 405067
Наличности
Код за отписване Код за изгубен артикул Източник на класификационната схема Код за повреда Коз за рестрикции Код за отдаване Артикулен № Име на библиотеката - собственик Име на библиотеката, в която се намира в момента Статус (Текущо местоположение) Дата на вписване в системата Местоположение - отдел Цена в лева Инвентарен номер Систематично азбучна сигнатура Баркод Цена в евро Служебен тип на артикула
  Не е изгубен Universal Decimal Classification Не е повреден само за читалня Специални фондове ( старопечатни, редки и ценни, фонд М. Арнаудов) 821705 Регионална библиотека "Любен Каравелов" Русе Регионална библиотека "Любен Каравелов" Русе Редки и ценни 2021-04-09 Редки и ценни 0.12 12894/58 Рб 898 900000043848 0.06 Книги
Vip Innovations Ltd, Rousse, Bulgaria 2025